Famous People Named Harvey - Statistics

General Stats
  • This quiz has been taken 165 times
  • The average score is 5 of 12
Answer Stats
Life Hint Person % Correct
1939-1963 Arrested in Dallas on November 22, 1963 Lee Harvey Oswald
77%
1952- Co-founder of Miramax, convicted sex offender Harvey Weinstein
73%
1930-1978 California's first openly gay elected official, later assassinated Harvey Milk
65%
1939- Actor who starred in Scorsese and Tarantino films Harvey Keitel
60%
1957- American TV presenter, host of Family Feud Steve Harvey
58%
Fictional Supervillain Two-Face's civilian persona Harvey Dent
54%
1918-2009 American radio broadcaster famous for "The Rest of the Story" Paul Harvey
19%
1969- English singer-songwriter: Rid of Me, Let England Shake PJ Harvey
19%
1993-2009 Alternative rock band famous for 1997's "Flagpole Sitta" Harvey Danger
16%
1954- Actor: Hairspray, Mrs. Doubtfire, Independence Day Harvey Fierstein
10%
1939-2010 Comic book writer of American Splendor Harvey Pekar
7%
1921-2001 Designer of the popular yellow "smiley face" icon Harvey Ball
4%
No matching quizzes found
Score Distribution
Percent of People with Each Score
Percentile by Number Answered
Your Score History
You have not taken this quiz